Government's Forestry and Woodlands Policy Statement (Record no. 114868)

MARC details
000 -LEADER
fixed length control field 01160cad a22001935a 4500
001 - CONTROL NUMBER
control field L157611
008 - FIXED-LENGTH DATA ELEMENTS--GENERAL INFORMATION
fixed length control field 130131s2013 xxk f 000 0 eng d
035 ## - SYSTEM CONTROL NUMBER
System control number (Sirsi) u157611
041 0# - LANGUAGE CODE
Language code of text/sound track or separate title eng
110 2# - MAIN ENTRY--CORPORATE NAME
Corporate name or jurisdiction name as entry element United Kingdom
Subordinate unit Department for Environment, Food and Rural Affairs
245 00 - TITLE STATEMENT
Title Government's Forestry and Woodlands Policy Statement
Medium [elecronic resource]
260 ## - PUBLICATION, DISTRIBUTION, ETC.
Place of publication, distribution, etc. London
Name of publisher, distributor, etc. DEFRA
Date of publication, distribution, etc. 2013
520 ## - SUMMARY, ETC.
Summary, etc. Policy statement incorporates the Government's response to the Independent Panel on Forestry's Final Report. It sets out priorities for future Government policy making focusing on protecting, improving and expanding public and private woodlands. The statement also confirms that the Public Forest Estate will remain in public ownership and a new body will be established to hold the Estate in trust for the nation and manage it for the long term benefit of people, the economy and the environment.
590 ## - LOCAL NOTE (RLIN)
Local note KA
651 #4 - SUBJECT ADDED ENTRY--GEOGRAPHIC NAME
Geographic name England
Chronological subdivision 886-
690 ## - LOCAL SUBJECT ADDED ENTRY--TOPICAL TERM (OCLC, RLIN)
Topical term or geographic name as entry element Environment
9 (RLIN) 6238
856 40 - ELECTRONIC LOCATION AND ACCESS
Uniform Resource Identifier <a href="https://www.defra.gov.uk/publications/files/pb13871-forestry-policy-statement.pdf">https://www.defra.gov.uk/publications/files/pb13871-forestry-policy-statement.pdf</a>
Public note View the statement free of charge at www.defra.gov.uk
942 ## - ADDED ENTRY ELEMENTS (KOHA)
Suppress in OPAC 0
Holdings
Withdrawn status Lost status Source of classification or shelving scheme Damaged status Not for loan Home library Current library Shelving location Date acquired Total Checkouts Full call number Barcode Date last seen Copy number Price effective from Koha item type
    Dewey Decimal Classification     Virtual Virtual Online 31/01/2013   ONLINE PUBLICATION 157611-2001 06/08/2019 1 06/08/2019 Book